[Event "France 2019 - Accession"]
[Site "Chartres"]
[Date "2019.08.25"]
[Round "9.9"]
[White "Le Goff, Ronan"]
[Black "Delorme, Alban"]
[Result "1-0"]
[WhiteElo "2303"]
[BlackElo "2308"]
[PlyCount "67"]
[EventDate "2019.08.??"]
[EventType "swiss"]
[EventRounds "9"]
[EventCountry "FRA"]
[WhiteTeam "Echiquier de l'Erdre"]
[BlackTeam "Echecs 16"]

1. d4 e6 2. Nf3 c5 3. e3 Nf6 4. Bd3 d5 5. O-O Bd6 6. dxc5 Bxc5 7. a3 O-O 8. b4
Bd6 9. Bb2 a5 10. Nbd2 axb4 11. axb4 Rxa1 12. Qxa1 Bxb4 13. Rd1 Nbd7 14. Nb3
Qe7 15. c4 Nb6 16. c5 Nc4 17. Bd4 Bd7 18. e4 Bc6 19. exd5 Bxd5 20. Qa4 Bxf3 21.
gxf3 Nd5 22. Bxc4 Qg5+ 23. Kf1 Nf4 24. Qxb4 Qg2+ 25. Ke1 Qxf3 26. Qc3 Qe4+ 27.
Kd2 Ra8 28. Kc1 Ra2 29. Be3 Nd5 30. Bxd5 exd5 31. Bd4 h6 32. Qd3 Qf4+ 33. Kb1
Ra4 34. Re1 1-0

[Event "France 2019 - Accession"]
[Site "Chartres"]
[Date "2019.08.25"]
[Round "9.10"]
[White "Meunier, Clement"]
[Black "Nguyen, Vincent"]
[Result "0-1"]
[WhiteElo "2291"]
[BlackElo "2288"]
[PlyCount "82"]
[EventDate "2019.08.??"]
[EventType "swiss"]
[EventRounds "9"]
[EventCountry "FRA"]
[WhiteTeam "L'Echiquier du Roy René"]
[BlackTeam "La tour de Juvisy"]

1. d4 Nf6 2. Bf4 c5 3. e3 Nd5 4. Bg3 Qb6 5. b3 Nc6 6. c4 Qa5+ 7. Qd2 Ndb4 8. d5
Nc2+ 9. Kd1 N6b4 10. a3 Nxa1 11. axb4 Qxb4 12. Qxb4 cxb4 13. Nd2 d6 14. e4 a5
15. Bd3 Nxb3 16. Nxb3 a4 17. Na1 b3 18. Kc1 g5 19. Nf3 Bg7 20. Kb1 g4 21. Nd2
b2 22. Nc2 a3 23. Ka2 O-O 24. Nxa3 f5 25. Kb3 Bd7 26. Re1 Bd4 27. f3 Ba4+ 28.
Ka2 Bc3 29. exf5 Bxd2 30. Rxe7 Bb4 31. f6 Rxf6 32. Bxh7+ Kf8 33. Rxb7 Bxa3 34.
Be4 Be8 35. Rh7 gxf3 36. gxf3 Rf7 37. Rh8+ Kg7 38. Rh4 Rfa7 39. Rg4+ Kf8 40.
Rf4+ Bf7 41. Bh4 Rb8 0-1

[Event "France 2019 - Accession"]
[Site "Chartres"]
[Date "2019.08.25"]
[Round "9.11"]
[White "Lux, Hugo De Melo"]
[Black "Maurizzi, Marc Andria"]
[Result "1/2-1/2"]
[WhiteElo "2401"]
[BlackElo "2419"]
[PlyCount "90"]
[EventDate "2019.08.??"]
[EventType "swiss"]
[EventRounds "9"]
[EventCountry "FRA"]
[WhiteTeam "Echecs 16"]
[BlackTeam "Corsica Chess Club"]

1. e4 e5 2. Nf3 Nc6 3. d4 exd4 4. Nxd4 Nf6 5. Nxc6 bxc6 6. e5 Qe7 7. Qe2 Nd5 8.
c4 Ba6 9. Nd2 g6 10. Nf3 Bg7 11. Bg5 f6 12. exf6 Qxe2+ 13. Bxe2 Nxf6 14. Rd1
O-O 15. O-O Rae8 16. Bd3 c5 17. b3 Bb7 18. Nd2 d6 19. Rde1 Ng4 20. Be4 Bd4 21.
Bh4 Bxe4 22. Rxe4 Bc3 23. Rxe8 Rxe8 24. Nb1 Bd4 25. h3 Nh6 26. g4 Re2 27. Bg5
Nf7 28. Bd2 Ne5 29. Kg2 h5 30. gxh5 gxh5 31. Ba5 Rxa2 32. Bxc7 Nf7 33. Kg3 Rb2
34. f4 Rxb3+ 35. Kh4 Kg7 36. Nd2 Bf6+ 37. Kxh5 Rxh3+ 38. Kg4 Rd3 39. Nf3 Nh6+
40. Kh5 Nf5 41. Rg1+ Kf7 42. Ng5+ Ke7 43. Ne4 Bd4 44. Rg5 Ng7+ 45. Kg4 Ne8
1/2-1/2

[Event "France 2019 - Accession"]
[Site "Chartres"]
[Date "2019.08.25"]
[Round "9.12"]
[White "Willems, Niels"]
[Black "Pottier, Simeon"]
[Result "0-1"]
[WhiteElo "2351"]
[BlackElo "2162"]
[PlyCount "108"]
[EventDate "2019.08.??"]
[EventType "swiss"]
[EventRounds "9"]
[EventCountry "FRA"]
[WhiteTeam "Echecs Club Montpellier"]
[BlackTeam "LEC Echiquier Limousin"]

1. c4 c5 2. Nc3 Nc6 3. g3 g6 4. Bg2 Bg7 5. d3 e6 6. e4 Nge7 7. Nge2 O-O 8. O-O
d6 9. Be3 Nd4 10. Rb1 b6 11. f4 Bb7 12. b4 Qd7 13. Bxd4 cxd4 14. Nb5 e5 15. f5
gxf5 16. Bh3 Qc6 17. Bxf5 Nxf5 18. Rxf5 a6 19. Na3 Bc8 20. Qf1 Bxf5 21. Qxf5
Qc8 22. Qxc8 Raxc8 23. g4 h5 24. Ng3 hxg4 25. Nf5 Kh7 26. Nxd6 Rc6 27. Nf5 Bf6
28. b5 axb5 29. Nxb5 Kg6 30. Rb2 Rh8 31. Na7 Re6 32. Nb5 Rh3 33. Rb3 Bd8 34.
Nbd6 Be7 35. Nxe7+ Rxe7 36. Nc8 Re8 37. Nxb6 Reh8 38. c5 Rxh2 39. a4 Rc2 40.
Nc4 g3 41. Nxe5+ Kf6 42. Nf3 g2 43. Rb6+ Kg7 44. Nh2 Rc1+ 45. Kxg2 Rc2+ 46. Kg3
Rhxh2 47. Rd6 Rhg2+ 48. Kf4 Rxc5 49. Rxd4 Re2 50. Rb4 Rf2+ 51. Ke3 Ra2 52. d4
Ra5 53. d5 R5xa4 54. Rb7 Ra6 0-1

[Event "France 2019 - Accession"]
[Site "Chartres"]
[Date "2019.08.25"]
[Round "9.13"]
[White "Bujisho, Benjamin"]
[Black "Boyer, Mahel"]
[Result "0-1"]
[WhiteElo "2317"]
[BlackElo "2341"]
[PlyCount "80"]
[EventDate "2019.08.??"]
[EventType "swiss"]
[EventRounds "9"]
[EventCountry "FRA"]
[WhiteTeam "Chevau-légers de la Choisille"]
[BlackTeam "Echiquier Nîmois"]

1. d4 Nf6 2. c4 c5 3. d5 e6 4. Nf3 d6 5. Nc3 exd5 6. cxd5 g6 7. e4 Bg7 8. Bd3
a6 9. a4 Nbd7 10. h3 Nh5 11. Bg5 Bf6 12. Be3 Ne5 13. Be2 Nxf3+ 14. Bxf3 Ng7 15.
Qd2 O-O 16. h4 h5 17. Bg5 Bxg5 18. hxg5 f6 19. gxf6 Qxf6 20. Ra3 Bd7 21. a5
Rae8 22. O-O g5 23. Be2 h4 24. Rb3 Bc8 25. Rb6 g4 26. b4 Nh5 27. bxc5 Nf4 28.
Rb2 h3 29. g3 h2+ 30. Kh1 Nxe2 31. Qxe2 Qxc3 32. cxd6 Bf5 33. Kxh2 Rxe4 34. Qd2
Qxd2 35. Rxd2 Rd8 36. Rb1 Rxd6 37. Rxb7 Rh6+ 38. Kg2 Re1 39. Rb8+ Kf7 40. Rb7+
Ke8 0-1

[Event "France 2019 - Accession"]
[Site "Chartres"]
[Date "2019.08.25"]
[Round "9.14"]
[White "Cotonnec, Melkior"]
[Black "Defromont, Benjamin"]
[Result "1-0"]
[WhiteElo "2299"]
[BlackElo "2236"]
[PlyCount "51"]
[EventDate "2019.08.??"]
[EventType "swiss"]
[EventRounds "9"]
[EventCountry "FRA"]
[WhiteTeam "C.E. de Rueil Malmaison"]
[BlackTeam "Cannes Echecs"]

1. b4 e5 2. Bb2 d6 3. e3 Nf6 4. c4 Be7 5. d4 exd4 6. Qxd4 Nc6 7. Qc3 Bf5 8. Nf3
O-O 9. Nbd2 a5 10. b5 Ne5 11. Be2 Nfd7 12. Nd4 Bf6 13. Nxf5 Nf3+ 14. Bxf3 Bxc3
15. Bxc3 Qg5 16. Nxg7 Nf6 17. h4 Qxg7 18. Ne4 Rae8 19. Bxf6 Qg6 20. h5 Qf5 21.
Rh3 h6 22. Rg3+ Kh7 23. Rg7+ Kh8 24. Rg5+ Qxf6 25. Nxf6 hxg5 26. Nxe8 1-0

[Event "France 2019 - Accession"]
[Site "Chartres"]
[Date "2019.08.25"]
[Round "9.15"]
[White "Razafindratsima, Timothe"]
[Black "Pigeat, Alexandre"]
[Result "0-1"]
[WhiteElo "2230"]
[BlackElo "2377"]
[PlyCount "112"]
[EventDate "2019.08.??"]
[EventType "swiss"]
[EventRounds "9"]
[EventCountry "FRA"]
[WhiteTeam "Cannes Echecs"]
[BlackTeam "Esbarres Bonnencontre Echecs"]

1. e4 e6 2. d4 d5 3. Nd2 Nf6 4. e5 Nfd7 5. Bd3 c5 6. c3 Nc6 7. Ngf3 Be7 8. O-O
f6 9. exf6 Nxf6 10. Re1 O-O 11. Nf1 cxd4 12. cxd4 Kh8 13. Ng3 Qb6 14. Bc2 Bb4
15. Rf1 Bd6 16. Re1 Bd7 17. Bg5 Rae8 18. a3 e5 19. dxe5 Nxe5 20. Nxe5 Bxe5 21.
Qd2 Ng4 22. Rf1 Bb5 23. Bd1 Nxh2 24. Kxh2 Bxg3+ 25. Kxg3 Bxf1 26. Bh5 Re2 27.
Be3 Rxd2 28. Bxb6 axb6 29. Rxf1 Rxb2 30. Bf3 Rd8 31. Rd1 d4 32. a4 Ra2 33. Bxb7
Rxa4 34. f4 Ra3+ 35. Kf2 g6 36. Rb1 d3 37. Be4 d2 38. Ke2 Ra2 39. Kd1 Re8 40.
Rb4 Rc8 41. Rb1 Rc5 42. g3 Kg7 43. g4 h6 44. f5 gxf5 45. gxf5 h5 46. Bf3 Rxf5
47. Rb3 Rc5 48. Ke2 Rc1 49. Ke3 Re1+ 50. Kf4 Ra4+ 51. Kg3 d1=Q 52. Bxd1 Rxd1
53. Rxb6 Rd3+ 54. Kf2 Ra2+ 55. Ke1 Rh3 56. Rb7+ Kf6 0-1

[Event "France 2019 - Accession"]
[Site "Chartres"]
[Date "2019.08.25"]
[Round "9.16"]
[White "Dutreuil, Raphael"]
[Black "Kollar, Romain"]
[Result "1-0"]
[WhiteElo "2313"]
[BlackElo "2214"]
[PlyCount "59"]
[EventDate "2019.08.??"]
[EventType "swiss"]
[EventRounds "9"]
[EventCountry "FRA"]
[WhiteTeam "U.S.Villejuif Echecs"]
[BlackTeam "Club d'Echecs de la Bruffière"]

1. g3 c5 2. Bg2 g6 3. c4 Bg7 4. Nc3 Nc6 5. e4 d6 6. Nge2 Bd7 7. d3 Nd4 8. O-O
Nh6 9. Rb1 Rb8 10. b4 b6 11. Nxd4 cxd4 12. Nb5 Bxb5 13. cxb5 O-O 14. Bg5 Kh8
15. Qa4 Qd7 16. Rbc1 Ng8 17. Rc6 h6 18. Bd2 e5 19. Rfc1 Rb7 20. Qc2 Rfb8 21. a4
Ne7 22. Rc7 Qg4 23. a5 bxa5 24. bxa5 Qe6 25. b6 axb6 26. a6 Rxc7 27. Qxc7 Rc8
28. Qb7 Rxc1+ 29. Bxc1 Qc8 30. Ba3 1-0

[Event "France 2019 - Accession"]
[Site "Chartres"]
[Date "2019.08.25"]
[Round "9.17"]
[White "Gertosio, Franck"]
[Black "Dalaud, Dorian"]
[Result "0-1"]
[WhiteElo "2267"]
[BlackElo "2165"]
[PlyCount "74"]
[EventDate "2019.08.??"]
[EventType "swiss"]
[EventRounds "9"]
[EventCountry "FRA"]
[WhiteTeam "Ste Foy Echecs"]
[BlackTeam "Cercle d'Echecs de Nantes"]

1. e4 c5 2. c3 d5 3. exd5 Qxd5 4. d4 Nc6 5. Nf3 Bf5 6. Be3 cxd4 7. Nxd4 O-O-O
8. Qa4 Nxd4 9. cxd4 Bxb1 10. Rxb1 Kb8 11. f3 e6 12. Bc4 Qd7 13. Bb5 Qd5 14. O-O
Nf6 15. Rfc1 Bd6 16. Rc5 Bxc5 17. dxc5 a6 18. Be2 Qc6 19. Qc4 Nd5 20. Bf2 Nc7
21. b4 Rd2 22. Be3 Rd7 23. Qb3 Nb5 24. Qb2 Rhd8 25. Qxg7 Nd4 26. Bc4 Ka8 27.
Qe5 Nxf3+ 28. gxf3 Qxf3 29. Bf2 Qg4+ 30. Qg3 Qxc4 31. h4 Qe4 32. Re1 Rd1 33. b5
Rxe1+ 34. Bxe1 Qg6 35. bxa6 bxa6 36. Kf2 Qxg3+ 37. Kxg3 Rd5 0-1

[Event "France 2019 - Accession"]
[Site "Chartres"]
[Date "2019.08.25"]
[Round "9.18"]
[White "Degardin, Sylvain"]
[Black "Fruchard, Cyrille"]
[Result "1/2-1/2"]
[WhiteElo "2189"]
[BlackElo "2261"]
[PlyCount "68"]
[EventDate "2019.08.??"]
[EventType "swiss"]
[EventRounds "9"]
[EventCountry "FRA"]
[WhiteTeam "Mulhouse Philidor"]
[BlackTeam "La Dame Noire"]

1. e4 c6 2. d4 d5 3. e5 Bf5 4. Nf3 e6 5. Be2 Ne7 6. O-O h6 7. Nbd2 c5 8. c4
dxc4 9. Nxc4 Nec6 10. Be3 cxd4 11. Nxd4 Nxd4 12. Bxd4 Nc6 13. Be3 Qxd1 14.
Rfxd1 Be4 15. f4 Bd5 16. a3 Be7 17. b4 O-O-O 18. b5 Bxc4 19. Bxc4 Na5 20. Ba2
b6 21. f5 exf5 22. Bxf7 Rxd1+ 23. Rxd1 Rd8 24. Be6+ Kc7 25. Rc1+ Kb8 26. Bxf5
Bxa3 27. Rc2 Re8 28. Bd7 Rxe5 29. Bf4 Bd6 30. Bxe5 Bxe5 31. Be6 a6 32. Bd7 axb5
33. Bxb5 Nb3 34. Re2 Bf6 1/2-1/2

[Event "France 2019 - Accession"]
[Site "Chartres"]
[Date "2019.08.25"]
[Round "9.19"]
[White "Pourquet, Matthieu"]
[Black "Sanchez, Louis"]
[Result "0-1"]
[WhiteElo "2209"]
[BlackElo "2331"]
[PlyCount "112"]
[EventDate "2019.08.??"]
[EventType "swiss"]
[EventRounds "9"]
[EventCountry "FRA"]
[WhiteTeam "Vandoeuvre-Echecs"]
[BlackTeam "Corsica Chess Club"]

1. Nf3 d5 2. c4 e6 3. g3 Nf6 4. Bg2 dxc4 5. Qa4+ c6 6. Qxc4 b5 7. Qc2 Bb7 8. a4
Nbd7 9. O-O Rc8 10. d4 a6 11. Bd2 b4 12. Ne5 Nxe5 13. dxe5 Nd7 14. Qe4 Rb8 15.
Bf4 c5 16. Qc2 Bxg2 17. Kxg2 Be7 18. Nd2 O-O 19. Rfd1 Qc7 20. a5 Rb5 21. Nc4 b3
22. Qd3 Nb8 23. Nd6 Rxa5 24. Rxa5 Qxa5 25. Qxb3 Qc7 26. f3 Nc6 27. Qc3 Qb8 28.
Qxc5 Qxb2 29. Rd2 Qb5 30. Qxb5 axb5 31. Nxb5 g5 32. Be3 Nxe5 33. Rc2 Rb8 34.
Nd4 Rb7 35. Nc6 Nxc6 36. Rxc6 Bf6 37. Rc5 h6 38. Ra5 Rb3 39. Kf2 Kg7 40. g4 Rb1
41. Ra4 Rh1 42. Kg2 Rd1 43. Ra5 Kg6 44. Rc5 Re1 45. Kf2 Rb1 46. Ra5 Bc3 47. Ra4
h5 48. f4 hxg4 49. fxg5 Rb4 50. Ra8 Be5 51. Rg8+ Kh7 52. Rf8 Kg7 53. Rd8 Bxh2
54. Bc5 Rc4 55. Bd4+ Kg6 56. e4 e5 0-1

[Event "France 2019 - Accession"]
[Site "Chartres"]
[Date "2019.08.25"]
[Round "9.20"]
[White "Gao, Etienne"]
[Black "Pucher, Sebastien"]
[Result "1/2-1/2"]
[WhiteElo "2256"]
[BlackElo "2316"]
[PlyCount "77"]
[EventDate "2019.08.??"]
[EventType "swiss"]
[EventRounds "9"]
[EventCountry "FRA"]
[WhiteTeam "Echiquier Club Le Mans"]
[BlackTeam "Club d'Echecs Metz Fischer"]

1. e4 Nc6 2. Nc3 Nf6 3. Nf3 d6 4. h3 g6 5. d4 Bg7 6. Bg5 O-O 7. d5 Nb8 8. Qd2
c6 9. O-O-O a6 10. Bh6 b5 11. Bxg7 Kxg7 12. e5 dxe5 13. Nxe5 Bb7 14. Ng4 Nbd7
15. Qh6+ Kg8 16. Nxf6+ exf6 17. h4 cxd5 18. Nxd5 Bxd5 19. Rxd5 Qe7 20. h5 Rad8
21. g3 Rfe8 22. Bg2 Nb6 23. hxg6 fxg6 24. Rdd1 Qc7 25. Rxd8 Rxd8 26. Qe3 Qd6
27. Be4 Rd7 28. Bd3 Re7 29. Qd2 Qc5 30. Re1 Rxe1+ 31. Qxe1 Kf7 32. f4 Nd5 33.
f5 Ne3 34. fxg6+ hxg6 35. Qh1 Kg7 36. Qb7+ Kh6 37. Qh1+ Kg7 38. Qb7+ Kh6 39.
Qh1+ 1/2-1/2

[Event "France 2019 - Accession"]
[Site "Chartres"]
[Date "2019.08.25"]
[Round "9.21"]
[White "Papadiamandis, Elliot"]
[Black "Le Corre, Benjamin"]
[Result "1-0"]
[WhiteElo "2216"]
[BlackElo "2281"]
[PlyCount "129"]
[EventDate "2019.08.??"]
[EventType "swiss"]
[EventRounds "9"]
[EventCountry "FRA"]
[WhiteTeam "C.E. de  Bois-Colombes"]
[BlackTeam "Ecole Française d'Echecs de Metz"]

1. e4 e6 2. d4 d5 3. Nd2 Nc6 4. Ngf3 Nf6 5. e5 Nd7 6. c3 f6 7. exf6 Qxf6 8. Bb5
Bd6 9. O-O O-O 10. Nb3 e5 11. dxe5 Ndxe5 12. Nxe5 Nxe5 13. f4 Nf7 14. Be3 Bf5
15. Qf3 c6 16. Be2 Nh6 17. h3 Be4 18. Qf2 Nf5 19. Bc5 b6 20. Bxd6 Nxd6 21. Nd4
c5 22. Nb3 Rf7 23. Nd2 Raf8 24. Nxe4 Nxe4 25. Qe3 Qh4 26. Bg4 Re7 27. Qd3 Nf6
28. Bf3 Rd8 29. Rad1 g6 30. b4 Kg7 31. bxc5 bxc5 32. Qb5 Qxf4 33. Qxc5 Qe3+ 34.
Qxe3 Rxe3 35. Rfe1 Rxe1+ 36. Rxe1 Kf7 37. Re5 Rd6 38. a4 h6 39. a5 Kf8 40. g4
g5 41. Kg2 a6 42. Kg3 Rc6 43. Bxd5 Nxd5 44. Rxd5 Rxc3+ 45. Kg2 Ke7 46. Re5+ Kd6
47. Rf5 Ke6 48. Kh2 Re3 49. Rc5 Kd6 50. Rf5 Re5 51. Rf6+ Re6 52. Rf5 Re5 53.
Rf6+ Re6 54. Rf5 Kc6 55. Kg2 Rd6 56. Kg3 Rd3+ 57. Kg2 Rd5 58. Rf6+ Kb5 59. Rxh6
Kxa5 60. h4 Rd4 61. Kf3 gxh4 62. Rxh4 Kb4 63. Kg3 Kc5 64. g5 Rxh4 65. Kxh4 1-0

[Event "France 2019 - Accession"]
[Site "Chartres"]
[Date "2019.08.25"]
[Round "9.22"]
[White "Bacrot, Alexandre"]
[Black "Coiffait, Pierre-Basile"]
[Result "1-0"]
[WhiteElo "2272"]
[BlackElo "2231"]
[Annotator "Alain"]
[PlyCount "34"]
[EventDate "2019.08.??"]
[EventType "swiss"]
[EventRounds "9"]
[EventCountry "FRA"]
[WhiteTeam "La Tour Hyéroise"]
[BlackTeam "L'Echiquier du Pays de Bray"]

1. e4 e5 2. Nf3 Nc6 3. Nc3 Nf6 4. g3 Bb4 5. Bg2 h6 6. a3 Bxc3 7. dxc3 d6 8. Qd3
Qe7 9. c4 a5 10. h4 b6 11. Be3 Bb7 12. Nd2 Nd8 13. O-O O-O 14. b4 Ne6 15. Rae1
axb4 16. axb4 Ra4 17. c3 Ra2 {gain blanc au 86ème coup} 1-0

[Event "France 2019 - Accession"]
[Site "Chartres"]
[Date "2019.08.25"]
[Round "9.23"]
[White "Devallee, Jeremie"]
[Black "Girel, Joseph"]
[Result "1-0"]
[WhiteElo "2270"]
[BlackElo "2157"]
[PlyCount "119"]
[EventDate "2019.08.??"]
[EventType "swiss"]
[EventRounds "9"]
[EventCountry "FRA"]
[WhiteTeam "C'Chartres Echecs"]
[BlackTeam "Marseille-Echecs"]

1. e4 e5 2. Nf3 Nc6 3. d4 exd4 4. Bc4 Nf6 5. e5 d5 6. Bb5 Ne4 7. Nxd4 Bd7 8.
Bxc6 bxc6 9. O-O Bc5 10. f3 Ng5 11. f4 Ne6 12. Be3 Bxd4 13. Bxd4 c5 14. Bf2 Bb5
15. f5 Bxf1 16. fxe6 Ba6 17. exf7+ Kxf7 18. Qf3+ Kg8 19. Bxc5 Qd7 20. Nd2 h5
21. Re1 Rh6 22. Nb3 Qf7 23. Qe3 Re8 24. Nd4 Rf6 25. Nf3 Rf4 26. e6 Qf5 27. e7
Re4 28. Qd2 Qe6 29. Rd1 Re2 30. Qg5 c6 31. Qxh5 Rxe7 32. Bxe7 Qxe7 33. Qg6 Qe3+
34. Kh1 Qf2 35. Rg1 Bb5 36. Ng5 Qf6 37. Qh7+ Kf8 38. Qh4 Kg8 39. a4 Ba6 40.
Qh7+ Kf8 41. Qh5 Kg8 42. b3 Qf5 43. c4 Re5 44. h4 d4 45. g4 Qf6 46. Qh7+ Kf8
47. Qd3 Ke8 48. Rf1 Re3 49. Qxe3+ dxe3 50. Rxf6 gxf6 51. Nf3 Bc8 52. g5 f5 53.
Kg2 f4 54. Ne5 Bf5 55. Kf3 Bc2 56. b4 Bxa4 57. Nd3 Bd1+ 58. Kxf4 e2 59. c5 Ke7
60. Ne1 1-0

[Event "France 2019 - Accession"]
[Site "Chartres"]
[Date "2019.08.25"]
[Round "9.24"]
[White "Duquesne, Adrien"]
[Black "Bournel, Antoine"]
[Result "1/2-1/2"]
[WhiteElo "2170"]
[BlackElo "2259"]
[PlyCount "78"]
[EventDate "2019.08.??"]
[EventType "swiss"]
[EventRounds "9"]
[EventCountry "FRA"]
[WhiteTeam "Evry Grand Roque"]
[BlackTeam "L'Echiquier Châlonnais"]

1. d4 Nf6 2. Bf4 d5 3. e3 c5 4. Nf3 Nc6 5. Nbd2 cxd4 6. exd4 Bf5 7. c3 e6 8.
Qb3 Bd6 9. Bxd6 Qxd6 10. Qxb7 Rb8 11. Qa6 O-O 12. Nb3 Bc2 13. Rc1 Rb6 14. Qa4
Bxb3 15. axb3 e5 16. dxe5 Nxe5 17. Be2 Nxf3+ 18. Bxf3 Re8+ 19. Kf1 Qb8 20. b4
Ne4 21. Bxe4 dxe4 22. Re1 Qc8 23. h4 f5 24. h5 f4 25. h6 Rg6 26. Rh4 Rxh6 27.
Rxh6 gxh6 28. Qb3+ Kg7 29. Qd5 Qa6+ 30. b5 Qg6 31. Ra1 f3 32. Rxa7+ Kh8 33.
Qd4+ Kg8 34. Qd5+ Kh8 35. g3 e3 36. Qd4+ Kg8 37. Qd5+ Kh8 38. Qd4+ Kg8 39. Qd5+
Kh8 1/2-1/2

[Event "France 2019 - Accession"]
[Site "Chartres"]
[Date "2019.08.25"]
[Round "9.25"]
[White "Giacomini, Hector"]
[Black "Viel, Simon"]
[Result "0-1"]
[WhiteElo "2156"]
[BlackElo "2252"]
[PlyCount "72"]
[EventDate "2019.08.??"]
[EventType "swiss"]
[EventRounds "9"]
[EventCountry "FRA"]
[WhiteTeam "Echiquier Tourangeau"]
[BlackTeam "Echecs Plus de Cherbourg-Octeville"]

1. Nf3 Nf6 2. e3 e6 3. d4 d5 4. Bd3 c5 5. O-O Nc6 6. c3 Bd6 7. Nbd2 O-O 8. dxc5
Bxc5 9. b4 Be7 10. Bb2 Nd7 11. Qb3 a6 12. Rfd1 Qc7 13. e4 Nde5 14. Be2 dxe4 15.
Nxe4 b6 16. a3 Bb7 17. c4 Nxf3+ 18. Qxf3 f5 19. Qg3 Qxg3 20. Nxg3 Rfd8 21. Bf3
Rxd1+ 22. Rxd1 Rd8 23. Rxd8+ Nxd8 24. Bxb7 Nxb7 25. Bd4 Nd6 26. c5 Nb5 27. c6
Bd8 28. Be5 Bc7 29. a4 Bxe5 30. axb5 axb5 31. Ne2 Kf7 32. Nd4 Ke7 33. Nxb5 Bf4
34. Na7 Kd6 35. Nb5+ Kxc6 36. Nd4+ Kd5 0-1

[Event "France 2019 - Accession"]
[Site "Chartres"]
[Date "2019.08.25"]
[Round "9.26"]
[White "Decuigniere, Tom"]
[Black "Albaric, Etienne"]
[Result "0-1"]
[WhiteElo "2211"]
[BlackElo "2250"]
[PlyCount "79"]
[EventDate "2019.08.??"]
[EventType "swiss"]
[EventRounds "9"]
[EventCountry "FRA"]
[WhiteTeam "Ecole Française d'Echecs de Metz"]
[BlackTeam "Lutèce Echecs"]

1. c4 c5 2. g3 g6 3. Bg2 Bg7 4. Nc3 Nc6 5. d3 d6 6. Bf4 e5 7. Bd2 Nge7 8. Rb1
h6 9. Qc1 g5 10. a3 a5 11. h4 g4 12. e3 O-O 13. Nge2 h5 14. Nd5 Nxd5 15. cxd5
Ne7 16. b4 cxb4 17. axb4 a4 18. b5 Bf5 19. e4 Bd7 20. O-O f5 21. Qa3 f4 22.
gxf4 Ng6 23. f5 Nxh4 24. d4 exd4 25. Qxd6 Qe8 26. Qf4 Bxb5 27. Nxd4 Bxf1 28.
Bxf1 Bxd4 29. Qg5+ Ng6 30. Bc4 Rc8 31. Rc1 Bf6 32. Qxg6+ Qxg6 33. fxg6 a3 34.
Ba2 Rxc1+ 35. Bxc1 Kg7 36. d6 Re8 37. Bxa3 Ra8 38. e5 Rxa3 39. exf6+ Kxf6 40.
d7 0-1

[Event "France 2019 - Accession"]
[Site "Chartres"]
[Date "2019.08.25"]
[Round "9.27"]
[White "Fantin, Ludwig"]
[Black "Hutois, Mickael"]
[Result "0-1"]
[WhiteElo "2213"]
[BlackElo "2279"]
[PlyCount "78"]
[EventDate "2019.08.??"]
[EventType "swiss"]
[EventRounds "9"]
[EventCountry "FRA"]
[WhiteTeam "Clermont-Ferrand Echecs"]
[BlackTeam "Echiquier de l'Erdre"]

1. d4 Nf6 2. Nf3 e6 3. e3 b6 4. Bd3 Bb7 5. O-O Be7 6. c4 O-O 7. Nc3 d6 8. d5
Nbd7 9. dxe6 fxe6 10. Nd4 Nc5 11. b4 Nxd3 12. Qxd3 Qd7 13. a3 Rf7 14. f3 c5 15.
Nb3 d5 16. b5 d4 17. Ne2 a6 18. a4 e5 19. e4 Ne8 20. Nc3 Nd6 21. Nd5 Bxd5 22.
exd5 axb5 23. axb5 Rxa1 24. Nxa1 Qf5 25. Qe2 d3 26. Qa2 e4 27. f4 Qf6 28. Bb2
Qh6 29. Be5 Bf6 30. Bxd6 Bd4+ 31. Kh1 Qxd6 32. Qd2 Qg6 33. d6 e3 34. d7 Rxd7
35. f5 exd2 36. fxg6 Bxa1 37. Rxa1 Ra7 38. Rf1 Re7 39. h3 Re1 0-1

[Event "France 2019 - Accession"]
[Site "Chartres"]
[Date "2019.08.25"]
[Round "9.28"]
[White "Ronce, Nathan"]
[Black "Ek, Alexandre"]
[Result "1-0"]
[WhiteElo "2204"]
[BlackElo "2188"]
[PlyCount "97"]
[EventDate "2019.08.??"]
[EventType "swiss"]
[EventRounds "9"]
[EventCountry "FRA"]
[WhiteTeam "Echiquier Montelais"]
[BlackTeam "Cercle d'Echecs de Villepinte"]

1. e4 c5 2. Nf3 a6 3. c3 Nf6 4. e5 Nd5 5. d4 cxd4 6. Bc4 e6 7. Bxd5 exd5 8.
Qxd4 Qa5 9. O-O Nc6 10. Qf4 Be7 11. Qg3 Rg8 12. Nbd2 b5 13. Re1 Bb7 14. Nb3 Qc7
15. Ng5 Nd8 16. Nxh7 Ne6 17. Nf6+ Bxf6 18. exf6 Qxg3 19. hxg3 gxf6 20. Nd4 Bc6
21. Bf4 O-O-O 22. Bd6 Rde8 23. Rad1 Nxd4 24. cxd4 Re6 25. Bf4 Rge8 26. Be3 Kb7
27. b4 Kb6 28. Bd2 Bb7 29. Rc1 Rxe1+ 30. Rxe1 Rxe1+ 31. Bxe1 Kc6 32. g4 d6 33.
f4 Bc8 34. f5 Kd7 35. Bd2 Ke7 36. Bh6 Bd7 37. Kh2 Bc8 38. a3 Bd7 39. Kh3 Bc8
40. Kh4 Bd7 41. Kh5 Bc8 42. Bg7 Bd7 43. Kh6 Bc8 44. Kh7 Bd7 45. Kg8 Be8 46.
Bf8+ Kd7 47. Kg7 Kd8 48. Kxf6 Kd7 49. g5 1-0

[Event "France 2019 - Accession"]
[Site "Chartres"]
[Date "2019.08.25"]
[Round "9.29"]
[White "Hingouet, Matthieu"]
[Black "Favarel, Camille"]
[Result "1-0"]
[WhiteElo "2195"]
[BlackElo "2207"]
[PlyCount "103"]
[EventDate "2019.08.??"]
[EventType "swiss"]
[EventRounds "9"]
[EventCountry "FRA"]
[WhiteTeam "Cavalier de la Tourelle Saint-Mande"]
[BlackTeam "L'Echiquier du Roy René"]

1. d4 d5 2. c4 c6 3. Nf3 Nf6 4. Qb3 dxc4 5. Qxc4 Bg4 6. Nbd2 e6 7. g3 Be7 8.
Bg2 O-O 9. O-O a5 10. e3 a4 11. h3 Bh5 12. g4 Bg6 13. Ne5 Nbd7 14. Nxg6 hxg6
15. Nf3 Qc7 16. Rd1 Nb6 17. Qe2 a3 18. bxa3 Bxa3 19. Bxa3 Rxa3 20. Qb2 Ra5 21.
Rdb1 Rb5 22. Qe2 Rxb1+ 23. Rxb1 Nbd5 24. Qb2 b5 25. Rc1 Qd6 26. Ne5 Rc8 27.
Qxb5 cxb5 28. Rxc8+ Qf8 29. Rxf8+ Kxf8 30. g5 Ne8 31. Bxd5 exd5 32. Kf1 Ke7 33.
Ke2 Nc7 34. h4 Ke6 35. Kd3 Na6 36. a3 Ke7 37. f3 Ke6 38. e4 Nc7 39. Ng4 f6 40.
Ne3 dxe4+ 41. fxe4 f5 42. Ng2 fxe4+ 43. Kxe4 Na8 44. Nf4+ Kd6 45. Nxg6 Nc7 46.
Nf4 Ne8 47. h5 Ke7 48. Kd5 Nd6 49. h6 gxh6 50. Ng6+ Kd7 51. gxh6 Ne8 52. Ke5
1-0

[Event "France 2019 - Accession"]
[Site "Chartres"]
[Date "2019.08.25"]
[Round "9.30"]
[White "Pham, Arthur"]
[Black "Suez-Panama, Gilles"]
[Result "1-0"]
[WhiteElo "2116"]
[BlackElo "1930"]
[PlyCount "145"]
[EventDate "2019.08.??"]
[EventType "swiss"]
[EventRounds "9"]
[EventCountry "FRA"]
[WhiteTeam "Echecs 16"]
[BlackTeam "Arsenal"]

1. e4 g6 2. d4 Bg7 3. Nf3 c5 4. c3 cxd4 5. cxd4 d5 6. e5 Nc6 7. h3 Bf5 8. Nc3
Qd7 9. a3 f6 10. Bf4 Nh6 11. Rc1 Nf7 12. exf6 Bxf6 13. Bb5 O-O 14. O-O Qd8 15.
Re1 Nd6 16. Nxd5 Nxb5 17. Nxf6+ exf6 18. Qb3+ Rf7 19. Qxb5 Nxd4 20. Nxd4 Qxd4
21. Bh6 Qd7 22. Qe2 Qd8 23. Rcd1 Bd7 24. Rd4 Qc8 25. Red1 Qc6 26. Rd6 Qc7 27.
Qd2 Be8 28. Qd5 Kh8 29. Rd3 Re7 30. Rd1 Rf7 31. Qe6 Qe7 32. Qc4 Qc7 33. Qd5 Qe7
34. Re6 Qc7 35. Rde1 Bc6 36. Qd4 Rd8 37. b4 Qb8 38. Qc3 Re8 39. Bg5 Rxe6 40.
Rxe6 Kg8 41. Rxf6 Qf8 42. Rxf7 Qxf7 43. Bh6 a6 44. Qe5 Bb5 45. f4 Qd7 46. Qb8+
Kf7 47. Qh8 Ke6 48. Bf8 Bc6 49. Bc5 Qd1+ 50. Kh2 Qd7 51. Qe5+ Kf7 52. Qh8 Ke6
53. Bd4 Qd5 54. Qf6+ Kd7 55. Qg7+ Ke6 56. Qg8+ Kf5 57. Qc8+ Ke4 58. Be5 h5 59.
Qc7 Kf5 60. Qc8+ Ke4 61. Qf8 Kd3 62. Qd6 Kc4 63. Qxg6 Kb3 64. Qg3+ Ka4 65. Bb2
Qd2 66. Bc3 Qc2 67. Bd4 Qd2 68. Qf2 Qd3 69. Bb2 Be4 70. Bc1 Qb1 71. Qd2 Bc6 72.
Qd1+ Kb5 73. Qxh5+ 1-0